Southville International School and Colleges
Your cart is empty.
  • Cart
  • Lists
    Public lists Eva Luna New books Lux_list list_1
    Your lists Log in to create your own lists
  • Log in to your account
  • Your cookies
  • Search history
Southville International School and Colleges
  • Advanced search
  • Recent comments
  • Most popular
  • Libraries

Log in to your account

Log in with GOOGLE


If you do not have an external account, but do have a local account, you can still log in:

  1. Home
  2. MARC view: Cool careers without college for nature lovers /
Normal view MARC view ISBD view

Cool careers without college for nature lovers / (Record no. 9380)

[ view plain ]
MARC details
000 -LEADER
fixed length control field 01220cam a2200337 a 4500
001 - CONTROL NUMBER
control field 12453844
003 - CONTROL NUMBER IDENTIFIER
control field SISC
005 - DATE AND TIME OF LATEST TRANSACTION
control field 20160216125353.0
008 - FIXED-LENGTH DATA ELEMENTS--GENERAL INFORMATION
fixed length control field 010627s2002 nyua c b 001 0 eng
010 ## - LIBRARY OF CONGRESS CONTROL NUMBER
LC control number 2001003911
020 ## - INTERNATIONAL STANDARD BOOK NUMBER
International Standard Book Number 9780823935048
040 ## - CATALOGING SOURCE
Original cataloging agency DLC
Transcribing agency DLC
Modifying agency DLC
042 ## - AUTHENTICATION CODE
Authentication code pcc
-- lcac
050 00 - LIBRARY OF CONGRESS CALL NUMBER
Classification number QH 49
Item number .H34 2002
082 00 - DEWEY DECIMAL CLASSIFICATION NUMBER
Classification number HS 508.023
Item number .H11 2002
100 1# - MAIN ENTRY--PERSONAL NAME
Personal name Haegele, Katie.
9 (RLIN) 13408
245 10 - TITLE STATEMENT
Title Cool careers without college for nature lovers /
Statement of responsibility, etc Katie Haegele.
260 ## - PUBLICATION, DISTRIBUTION, ETC. (IMPRINT)
Place of publication, distribution, etc New York :
Name of publisher, distributor, etc Rosen Pub. Group,
Date of publication, distribution, etc c2002.
300 ## - PHYSICAL DESCRIPTION
Extent 144 p. :
Other physical details col. ill. ;
Dimensions 24 cm.
440 #0 - SERIES STATEMENT/ADDED ENTRY--TITLE
Title Cool careers without college
9 (RLIN) 12956
504 ## - BIBLIOGRAPHY, ETC. NOTE
Bibliography, etc Includes bibliographical references.
520 ## - SUMMARY, ETC.
Summary, etc Profiles the characteristics of and qualifications needed for twelve jobs that involve working with nature.
562 ## - COPY AND VERSION IDENTIFICATION NOTE
Number of copies 1
650 #0 - SUBJECT ADDED ENTRY--TOPICAL TERM
Topical term or geographic name as entry element Natural history
General subdivision Vocational guidance
Form subdivision Juvenile literature.
9 (RLIN) 13409
650 #1 - SUBJECT ADDED ENTRY--TOPICAL TERM
Topical term or geographic name as entry element Natural history
General subdivision Vocational guidance.
9 (RLIN) 13410
650 #1 - SUBJECT ADDED ENTRY--TOPICAL TERM
Topical term or geographic name as entry element Vocational guidance.
9 (RLIN) 2038
906 ## - LOCAL DATA ELEMENT F, LDF (RLIN)
a 7
b cbc
c orignew
d 1
e ecip
f 20
g y-gencatlg
942 ## - ADDED ENTRY ELEMENTS (KOHA)
Source of classification or shelving scheme Library of Congress Classification
Koha item type Books
Holdings
Withdrawn status Lost status Source of classification or shelving scheme Damaged status Home library Current library Shelving location Date acquired Total Checkouts Full call number Barcode Date last seen Copy number Price effective from Koha item type
    Library of Congress Classification   Luxembourg Library Luxembourg Library High School Section 08/24/2013   QH 49 .H34 2002 17336 08/04/2015 1 08/24/2013 Books

Cool careers without college for nature lovers /

APA

Haegele K., . (2002). Cool careers without college for nature lovers. New York: Rosen Pub. Group.

Chicago

Haegele Katie, . 2002. Cool careers without college for nature lovers. New York: Rosen Pub. Group.

Harvard

Haegele K., . (2002). Cool careers without college for nature lovers. New York: Rosen Pub. Group.

MLA

Haegele Katie, . Cool careers without college for nature lovers. New York: Rosen Pub. Group. 2002.

  • Place hold
  • Print
  • Cite
  • Add to your cart (remove)
  • Save record
    BIBTEX Dublin Core MARCXML MARC (non-Unicode/MARC-8) MARC (Unicode/UTF-8) MARC (Unicode/UTF-8, Standard) MODS (XML) RIS
  • More searches
    Search for this title in:
    Other Libraries (WorldCat) Other Databases (Google Scholar) Online Stores (Bookfinder.com) Open Library (openlibrary.org)

Exporting to Dublin Core...

SOUTHVILLE LIBRARY

Southville International School and Colleges Library

1281 Tropical Ave. Cor. Luxembourg St., BF Homes International, Las Pinas City

Tel. No. 8256374 / 252358 Loc. 117/146

Powered by Koha